Joan Fontaine Filmography - Statistics

General Stats
  • This quiz has been taken 22 times
    2 since last reset
  • The average score is 12 of 137
Answer Stats
Type Year Name % Correct
Film 1950 Born to Be Bad
100%
Film 1939 Gunga Din
100%
Film 1957 Island in the Sun
100%
Film 1947 Ivy
100%
Film 1943 Jane Eyre
100%
Film 1948 Letter from an Unknown Woman
100%
Film 1940 Rebecca
100%
Film 1941 Suspicion
100%
Film 1943 The Constant Nymph
100%
Film 1939 The Women
100%
Film 1937 A Damsel in Distress
50%
Film 1966 The Witches
50%
TV Show 1954, 1966, 1972, 1973 What's My Line?
50%
Radio Series 1946 Academy Award
0%
Film 1958 A Certain Smile
0%
TV Special 1979 AFI Life Achievement Award: A Tribute to Alfred Hitchcock
0%
TV Show 1960 Alcoa Presents: One Step Beyond
0%
Documentary 1982 All by Myself: The Eartha Kitt Story
0%
TV Show 1981 Aloha Paradise
0%
Film 1937 A Million to One
0%
TV Show 1983 Bare Essence
0%
Film 1956 Beyond a Reasonable Doubt
0%
Film 1938 Blond Cheat
0%
Short Film 1942 Breakdowns of 1942
0%
Radio Series 1952 Broadway Playhouse
0%
Documentary 1974 Busby Berkeley
0%
TV Show 1975 Cannon
0%
Film 1954 Casanova's Big Night
0%
TV Show 1961 Checkmate
0%
TV Show 1956 Climax!
0%
TV Mini-Series 1986 Crossings
0%
TV Film 1986 Dark Mansions
0%
Film 1951 Darling, How Could You!
0%
Film 1953 Decameron Nights
0%
Theater 1966, 1972 Dial M for Murder
0%
TV Show 1958 E.S.P.
0%
TV Show 1966 Eye Guess
0%
Film 1953 Flight to Tangier
0%
Theater 1968-1970 Forty Carats
0%
TV Show 1953, 1954 Four Star Playhouse
0%
Film 1944 Frenchman's Creek
0%
Film 1946 From This Day Forward
0%
Radio Series 1953 General Electric Theater
0%
TV Show 1956-1960 General Electric Theater
0%
TV Show 1964 Get the Message
0%
TV Film 1994 Good King Wenceslas
0%
Radio Series 1954 Gunsmoke
0%
Radio Series 1952 Hallmark Playhouse
0%
TV Documentary 1985 Hitchcock: il brividio del genio
0%
Short Documentary 1955 Hollywood Mothers and Fathers
0%
Radio Series 1946 Hollywood Players
0%
Radio Series 1952 Hollywood Sound Stage
0%
Documentary Series 1987 Hollywood the Golden Years: The RKO Story
0%
TV Documentary 1969 Hollywood: The Selznick Years
0%
TV Show 1986 Hotel
0%
Film 1952 Ivanhoe
0%
TV Show 1963 I've Got a Secret
0%
Film 1948 Kiss the Blood Off My Hands
0%
TV Show 1962 Kraft Mystery Theatre
0%
TV Show 1978 Looks Familiar
0%
Radio Series 1946, 1947, 1949, 1953 Lux Radio Theatre
0%
Film 1938 Maid's Night Out
0%
Film 1939 Man of Conquest
0%
TV Show 1963-1964 Missing Links
0%
TV Show 1957 Mr. Adams and Eve
0%
Film 1937 Music for Madame
0%
Film 1935 No More Ladies
0%
Film 1951 Othello
0%
TV Show 1962-1967 Password
0%
TV Show 1967-1969 Personality
0%
Radio Play 1945 Pride and Prejudice
0%
Theater 1968 Private Lives
0%
Film 1937 Quality Street
0%
Radio Series 1953 Radio Theater
0%
Theater 1970 Relatively Speaking
0%
TV Show 1980 Ryan's Hope
0%
Radio Series 1943, 1951 Screen Directors Playhouse
0%
TV Special 1972 Season's Greetings from Mike Douglas
0%
Film 1950 September Affair
0%
Film 1956 Serenade
0%
Film 1938 Sky Giant
0%
TV Show 1968 Snap Judgment
0%
Film 1952 Something to Live For
0%
Theater 1967 Spider's Web
0%
TV Show 1956 Star Stage
0%
TV Show 1960 Startime
0%
Theater 1960 Susan and God
0%
Radio Series 1949 Suspense
0%
TV Show 1962, 1963 Talent Scouts
0%
TV Show 1962, 1963 Talent Scouts
0%
Theater 1954-1955 Tea and Sympathy
0%
Film 1962 Tender Is the Night
0%
TV Show 1956 The 20th Century Fox Hour
0%
Film 1945 The Affairs of Susan
0%
TV Show 1963 The Alfred Hitchcock Hour
0%
TV Show 1959 The Arthur Murray Party
0%
Radio Series 1950 Theater Guild on the Air
0%
Radio Series 1953 Theater of Stars
0%
Film 1953 The Bigamist
0%
TV Show 1965 The Bing Crosby Show
0%
TV Show 1966 The Bob Hope Show
0%
TV Show 1962 The Dick Powell Show
0%
Film 1938 The Duke of West Point
0%
TV Show 1960 The DuPont Show of the Month
0%
Film 1948 The Emperor Waltz
0%
TV Show 1966 The Face Is Familiar
0%
TV Special 1974 The Film Society of Lincoln Center Annual Gala Tribute to Alfred Hitchcock
0%
TV Special 1973 The Film Society of Lincoln Center Annual Gala Tribute to Fred Astaire
0%
TV Special 1975 The Film Society of Lincoln Center Annual Gala Tribute to Paul Newman and Joanne Woodward
0%
TV Special 1978 The Film Society of Lincoln Center Tribute to George Cukor
0%
TV Show 1956 The Ford Television Theatre
0%
Documentary Series 1979 The Hollywood Greats
0%
TV Show 1965 The Hollywood Palace
0%
TV Show 1956, 1957 The Joseph Cotten Show
0%
TV Film 1961 The Light That Failed
0%
TV Show 1955 The Loretta Young Show
0%
TV Show 1981 The Love Boat
0%
Film 1937 The Man Who Found Himself
0%
TV Show 1963-1965 The Match Game
0%
TV Show 1972 The Merv Griffin Show
0%
TV Show 1966-1978 The Mike Douglas Show
0%
TV Film 1985 The Nutcracker
0%
TV Show 1964 The Price Is Right
0%
TV Special 1966 The Soupy Sales Hour
0%
TV Show 1963, 1968, 1988 The Tonight Show Starring Johnny Carson
0%
TV Film 1978 The Users
0%
TV Pilot 1960 The Ways of Love
0%
Film 1942 This Above All
0%
Documentary Mini-Series 1966 This Proud Land
0%
TV Show 1958-1969 To Tell the Truth
0%
Film 1957 Until They Sail
0%
Film 1961 Voyage to the Bottom of the Sea
0%
TV Show 1963 Wagon Train
0%
TV Show 1959 Westinghouse Desilu Playhouse
0%
Film 1937 You Can't Beat Love
0%
Film 1948 You Gotta Stay Happy
0%
TV Show 1969 You're Putting Me On
0%
No matching quizzes found
Score Distribution
Percent of People with Each Score
Percentile by Number Answered
Your Score History
You have not taken this quiz since the last reset